000
00242nam a2200097Ia 4500
082
_a
J 669 LLEW
245
0
_a
Metal
100
_a
LLEWELLYN,Claire ** London, 2R5 ** *
_9
110322
942
_c
BK
008
210825s9999 xx 000 0 und d
999
_c
499674
_d
499673